Statistics for Most-Viewed YouTube Channels

Click here to take the quiz!

General Stats

  • This quiz has been taken 27 times
  • The average score is 6 of 50

Answer Stats

HintAnswer% Correct
28.35 bPewDiePie
96%
201.05 bT-Series
65%
135.01 bCocomelon - Nursery Rhymes
52%
28.38 bJustin Bieber
35%
25.18 bJustinBieberVEVO
26%
125.02 bSET India
26%
25.31 bTaylor Swift
26%
27.68 bEd Sheeran
22%
81.54 bLike Nastya
22%
27.30 bBLACKPINK
17%
23.84 bKaty Perry
17%
79.08 bKids Diana Show
17%
70.33 bWWE
17%
31.66 bPinkfong Baby Shark - Kids' Songs & Stories
13%
65.83 bVlad and Niki
13%
28.38 bGet Movies
9%
24.32 bSony Music India
9%
48.33 bZee Music Company
9%
24.30 bARY Digital
4%
38.90 bChuChu TV Nursery Rhymes & Kids Songs
4%
51.75 bColors TV
4%
49.20 bEl Reino Infantil
4%
23.67 bGR6 EXPLODE
4%
25.12 bHar Pal Geo
4%
25.35 bInfobells - Hindi
4%
36.90 bLittle Baby Bum - Nursery Rhymes & Kids Songs
4%
28.75 bLooLoo Kids - Nursery Rhymes and Children's Songs
4%
32.60 bМаша и Медведь (Masha and the Bear)
4%
58.94 bMovieclips
4%
51.47 bRyan's World
4%
28.40 bShemaroo Filmi Gaane
4%
24.35 bSpeed Records
4%
36.85 bSuper Simple Songs - Kids Songs
4%
27.50 bTips Official
4%
40.37 bToys and Colors
4%
23.72 bT-Series Bhakti Sagar
4%
36.93 bWave Music
4%
33.50 bWorkpoint Official
4%
29.10 bYRF
4%
47.21 bABS-CBN Entertainment
0%
36.46 bCanal KondZilla
0%
24.20 bDisneyMusicVEVO
0%
26.02 bGMA Network
0%
23.99 bGMM GRAMMY OFFICIAL
0%
24.68 bLankybox
0%
53.50 bnetd müzik
0%
26.68 bone31
0%
24.99 bSMTOWN
0%
82.00 bSoby SAB
0%
25.58 bقناة طيور الجنة | toyoraljanahtv
0%

Score Distribution

Percentile by Number Answered

Percent of People with Each Score

Your Score History

You have not taken this quiz